Tunnetko Vr Historian ja Veturit? - Statistics

Yleistilastot
  • Tätä visaa on pelattu 23 kertaa
  • Keskiarvotulos 3 / 12
Vastaustilastot
Kysymys? Vastaus % Oikein
Mikä on Suomen kuuluisin höyryveturi? Ukko-Pekka
67%
Mikä on Sr3 veturi malli? (Vihje Sr3 on vain suomen tunnus) Vectron
40%
Mikä on Vr uusin veturi? (Vinkki, se tuli tänä vuonna) Dr19
33%
Mikä on Sr3 huippunopeus? 200 kmh
27%
Mistä enismmäiset raiteet kulkivat Suomessa? Helsinki-Hämeenlinna
27%
Mikä on Ukko-Pekan VeturiMalli? Hr1
27%
Mikä oli Vr ensimmäinen sähköllä toimiva veturi? Sm1
20%
Kauanko Vr on operoinut Suomessa 160 Vuotta
13%
Mikä on Minun lempi Diesel Veturi? Dr13
13%
Mikä oli ensimmäinen diesel veturi? (Vinkki, se tuli vuonna 1955) Dv11
13%
Mikä on Hr3 huippunopeus? 95 kmh
7%
Mikä on Minun lempi veturi? (Se on Höyryveturi) LNER A1
0%
Ehtoja vastaavia visoja ei löytynyt
Tulosjakauma
Jokaisen tuloksen saaneiden osuus
Persentiili vastausten määrän mukaan
Tuloshistoriasi
Et ole pelannut tätä visaa